ՀՀ Գիտությունների ազգային ակադեմիայի հիմնարար գիտական գրադարան  =   Fundamental Scientific Library of NAS RA

Ծերենց : (Record no. 8695)

MARC details
000 -LEADER
fixed length control field 01027nam a2200241 a 4500
001 - CONTROL NUMBER
control field 000022552
003 - CONTROL NUMBER IDENTIFIER
control field AM-YEHGA
005 - DATE AND TIME OF LATEST TRANSACTION
control field 20260129093610.0
008 - FIXED-LENGTH DATA ELEMENTS--GENERAL INFORMATION
fixed length control field 030329s1986 ai |||||||||||||||||arm d
040 ## - CATALOGING SOURCE
Original cataloging agency AM-YeHGA
041 0# - LANGUAGE CODE
Language code of text/sound track or separate title arm
100 1# - MAIN ENTRY--PERSONAL NAME
Personal name Նանումյան, Ռուզան
9 (RLIN) 8587
245 10 - TITLE STATEMENT
Title Ծերենց :
Remainder of title Կյանքը և գործը /
Statement of responsibility, etc. Ռուզան Նանումյան ; Խմբ.` Վլ.Ա. Կիրակոսյան ; ՀՍՍՀ ԳԱ Մ. Աբեղյանի անվ. գրակ. ին-տ.
246 15 - VARYING FORM OF TITLE
Title proper/short title Церенц
260 ## - PUBLICATION, DISTRIBUTION, ETC.
Place of publication, distribution, etc. Երևան :
Name of publisher, distributor, etc. ՀՍՍՀ ԳԱ հրատ,
Date of publication, distribution, etc. 1986.
300 ## - PHYSICAL DESCRIPTION
Extent 218 էջ
600 14 - SUBJECT ADDED ENTRY--PERSONAL NAME
Personal name Ծերենց,
Dates associated with a name 1822-1888
9 (RLIN) 1653
650 14 - SUBJECT ADDED ENTRY--TOPICAL TERM
Topical term or geographic name entry element Հայ գրականություն
700 1# - ADDED ENTRY--PERSONAL NAME
Personal name Կիրակոսյան, Վլադիմիր Աղասու,
Dates associated with a name 1935-
Relator term խմբ.
Relationship edt
9 (RLIN) 1404
710 2# - ADDED ENTRY--CORPORATE NAME
Corporate name or jurisdiction name as entry element Մ. Աբեղյանի անվան գրականության ինստիտուտ ՀՍՍՀ ԳԱ
856 41 - ELECTRONIC LOCATION AND ACCESS
Uniform Resource Identifier <a href="https://arar.sci.am/dlibra/publication/435469/edition/403414/content">https://arar.sci.am/dlibra/publication/435469/edition/403414/content</a>
Link text Կարդալ առցանց
942 ## - ADDED ENTRY ELEMENTS (KOHA)
Koha item type Գրքեր / Books
Source of classification or shelving scheme Universal Decimal Classification
Holdings
Withdrawn status Lost status Source of classification or shelving scheme Damaged status Not for loan Home library Current library Date acquired Total checkouts Full call number Barcode Date last seen Price effective from Koha item type Public note
    Universal Decimal Classification     Fundamental Scientific Library Fundamental Scientific Library 21/12/2016   AII/74281 220074281 21/12/2016 21/12/2016 Գրքեր / Books 30 Days Loan
    Universal Decimal Classification     Fundamental Scientific Library Fundamental Scientific Library 21/12/2016   AII/74733 220074733 21/12/2016 21/12/2016 Գրքեր / Books 30 Days Loan


ՀՀ ԳԱԱ հիմնարար գիտական գրադարան
ՀՀ,Երևան 0019
Մարշալ Բաղրամյան 24/6
հեռախոս:(374-10) 52-47-50
Հետադարձ կապ

All site content, except where otherwise noted, is licensed under a
Creative Commons License